| 000 | 01784nam a2200445 i 4500 | ||
|---|---|---|---|
| 999 |
_c51290 _d51290 |
||
| 001 | 51290 | ||
| 003 | ES-MaCES | ||
| 005 | 20190703124937.0 | ||
| 008 | 190703s2019 sp o000 ||spa d | ||
| 017 |
_aM 21188-2019 _bDL |
||
| 020 | _a9788481883879 | ||
| 040 |
_aES-MaCES _bspa _cES-MaCES |
||
| 245 | 0 | 0 |
_aEconomía, trabajo y sociedad _b: memoria sobre la situación socioeconómica y laboral : España 2018 : (resumen ejecutivo) _cConsejo Económico y Social España |
| 250 | _a1ª ed | ||
| 260 |
_aMadrid _bCES _c2019 |
||
| 300 |
_a72 p. _c24 cm _e1 CD-ROM (versión completa de la memoria) |
||
| 490 | 1 | _aColección Memorias | |
| 500 | _aMemoria aprobada en la sesión ordinaria del Pleno del Consejo Económico y Social celebrada el 29 de mayo de 2019 | ||
| 500 | _aPubl. simultáneamente en CD-ROM | ||
| 500 | _aÍndices | ||
| 541 | _cGratuito | ||
| 650 | 4 |
_aeconomía _926781 |
|
| 650 | 4 |
_acondiciones económicas _927081 |
|
| 650 | 4 |
_atrabajo _928289 |
|
| 650 | 4 |
_acondiciones de trabajo _928327 |
|
| 650 | 4 |
_asociedad _927269 |
|
| 650 | 4 |
_acondiciones sociales _930469 |
|
| 650 | 4 |
_acondiciones de vida _927111 |
|
| 650 | 4 |
_aEspaña _926964 |
|
| 650 | 4 |
_a2018 _939065 |
|
| 650 | 4 |
_ainforme _928986 |
|
| 650 | 4 |
_aCD ROM _930331 |
|
| 653 | 1 | 0 | _aCondiciones económicas |
| 710 | 2 |
_aConsejo Económico y Social (España) _92408 |
|
| 787 | 0 |
_tEconomía, trabajo y sociedad : memoria sobre la situación socioeconómica y laboral : España 2018 _w(ES-MaCES)51289 |
|
| 787 | 0 |
_tEconomía, trabajo y sociedad : memoria sobre la situación socioeconómica y laboral : España 2017 : (resumen ejecutivo) _w(ES-MaCES)50826 |
|
| 830 | 0 |
_aColección Memorias (Consejo Económico y Social (España)) _932359 |
|
| 902 | _aLIB Libro | ||
| 942 |
_2CES _cBK _h0.0. |
||